[Event "World Corporate East D"]
[Site "Chess.com INT"]
[Date "2021.02.19"]
[Round "2.5"]
[White "Novosadova, Kristyna"]
[Black "Krishna, Prasad KC"]
[Result "1-0"]
[WhiteElo "2138"]
[BlackElo "1979"]
[PlyCount "79"]
[EventDate "2021.02.19"]
[EventType "team (rapid)"]
[EventRounds "7"]
[EventCountry "USA"]
[SourceTitle "EXT 2022"]
[Source "ChessBase"]
[SourceDate "2021.10.06"]
[SourceVersion "1"]
[SourceVersionDate "2021.10.06"]
[SourceQuality "1"]
[WhiteTeam "Home Credit Int Moravia"]
[BlackTeam "Bosch Tamil Nadu"]
[WhiteTeamCountry "CZE"]
[BlackTeamCountry "IND"]

1. e4 c5 2. Nf3 Nc6 3. d4 cxd4 4. Nxd4 Nf6 5. Nc3 e5 6. Ndb5 d6 7. Bg5 a6 8. Na3 b5 9. Nd5 Be7 10. Bxf6 Bxf6 11. c3 0-0 12. Nc2 Bg5 13. h4 Bh6 14. Nce3 Bxe3 15. Nxe3 Ne7 16. g4 Bb7 17. Bg2 Ng6 18. Nf5 Nf4 19. Bf3 Qc7 20. Qxd6 Qc4 21. 0-0-0 f6 22. Rhe1 Qxa2 23. Qc7 Qa1+ 24. Kc2 Qa4+ 25. Kb1 Rf7 26. Rd7 Raf8 27. Rxf7 Rxf7 28. Qb8+ Rf8 29. Qxb7 Ne6 30. Qd5 Qc4 31. Be2 Qxd5 32. exd5 Nf4 33. d6 g6 34. Ne7+ Kf7 35. Bf3 Rd8 36. Rd1 Ke6 37. g5 fxg5 38. Bg4+ Kf7 39. Nc6 Re8 40. d7 1-0

[Event "Wch U20 50th"]
[Site "Chennai"]
[Date "2011.08.07"]
[Round "6"]
[White "Chaithanyaa, KG."]
[Black "Krishna, Prasad KC"]
[Result "1-0"]
[WhiteElo "2088"]
[BlackElo "2027"]
[PlyCount "97"]
[EventDate "2011.08.02"]
[EventType "swiss"]
[EventRounds "13"]
[EventCountry "IND"]
[SourceTitle "CBM 143 Extra"]
[Source "ChessBase"]
[SourceDate "2011.08.29"]
[SourceVersion "1"]
[SourceVersionDate "2011.08.29"]
[SourceQuality "1"]

1. e4 c5 2. Nf3 Nc6 3. Bb5 g6 4. 0-0 Bg7 5. Re1 Nd4 6. Nxd4 cxd4 7. d3 a6 8. Bc4 d6 9. a4 e6 10. Nd2 Ne7 11. Bb3 b6 12. f4 0-0 13. Nf3 Bd7 14. Bd2 Nc6 15. Re2 e5 16. h3 Be6 17. Ra3 b5 18. Bxe6 fxe6 19. Ng5 Qd7 20. axb5 axb5 21. Rxa8 Rxa8 22. Rf2 h6 23. Nf3 exf4 24. Bxf4 e5 25. Bd2 d5 26. Nh2 dxe4 27. dxe4 Qe6 28. b3 Rd8 29. Rf3 Nb8 30. Qf1 Qc6 31. Ng4 h5 32. Nh6+ Bxh6 33. Bxh6 Nd7 34. Rf7 Qe6 35. Rg7+ Kh8 36. Qxb5 g5 37. Bxg5 Kxg7 38. Bxd8 Kg6 39. b4 Nf6 40. Bxf6 Qxf6 41. Qe8+ Kh6 42. b5 Qf4 43. Qe6+ Kg7 44. Qf5 Qg3 45. b6 d3 46. cxd3 Qe3+ 47. Kh2 Qxb6 48. Qxe5+ Kh6 49. d4 1-0

[Event "Wch U20 50th"]
[Site "Chennai"]
[Date "2011.08.05"]
[Round "4"]
[White "Krishna, Prasad KC"]
[Black "Yashas, Devappa"]
[Result "0-1"]
[WhiteElo "2027"]
[BlackElo "2184"]
[PlyCount "56"]
[EventDate "2011.08.02"]
[EventType "swiss"]
[EventRounds "13"]
[EventCountry "IND"]
[SourceTitle "CBM 143 Extra"]
[Source "ChessBase"]
[SourceDate "2011.08.29"]
[SourceVersion "1"]
[SourceVersionDate "2011.08.29"]
[SourceQuality "1"]

1. e4 d5 2. exd5 Nf6 3. Bb5+ Bd7 4. Bxd7+ Qxd7 5. c4 c6 6. dxc6 Nxc6 7. Nf3 e5 8. 0-0 e4 9. Ne1 0-0-0 10. Nc3 Qf5 11. Nc2 Bd6 12. Ne3 Qe5 13. g3 Nd4 14. d3 h5 15. dxe4 Bc5 16. Ned5 Nxe4 17. Bf4 Qe6 18. Qd3 Nxc3 19. bxc3 Ne2+ 20. Kh1 h4 21. Rae1 hxg3 22. Bxg3 Rde8 23. Qf3 g5 24. Nc7 Nxg3+ 25. fxg3 Qxe1 26. Qf5+ Kb8 27. Nxe8 Qxg3 28. Rf2 Rxh2+ 0-1

[Event "Wch U20 50th"]
[Site "Chennai"]
[Date "2011.08.04"]
[Round "3"]
[White "Rajesh, VAV"]
[Black "Krishna, Prasad KC"]
[Result "1-0"]
[WhiteElo "2292"]
[BlackElo "2027"]
[PlyCount "57"]
[EventDate "2011.08.02"]
[EventType "swiss"]
[EventRounds "13"]
[EventCountry "IND"]
[SourceTitle "CBM 143 Extra"]
[Source "ChessBase"]
[SourceDate "2011.08.29"]
[SourceVersion "1"]
[SourceVersionDate "2011.08.29"]
[SourceQuality "1"]

1. d4 Nf6 2. c4 e6 3. Nc3 d5 4. Bg5 c6 5. e3 Nbd7 6. Nf3 Qa5 7. Bxf6 Nxf6 8. Nd2 Bb4 9. Qc2 0-0 10. Bd3 c5 11. 0-0 cxd4 12. exd4 Bxc3 13. bxc3 dxc4 14. Nxc4 Qc7 15. Ne5 b6 16. Rac1 Bb7 17. Rfe1 h6 18. Qd2 Rac8 19. Bb1 Qd6 20. Re3 Rfd8 21. Rce1 Rc7 22. Rg3 Kf8 23. f4 b5 24. f5 exf5 25. Bxf5 b4 26. cxb4 Qxd4+ 27. Qxd4 Rxd4 28. Rb3 Rd3 29. Bxd3 1-0